000 00205 a2200097 4500
001 27448
100 _aGatland, K
245 _aMissiles and rockets
260 _a
_bBlandford
_c1975
090 _c18242
_d18242
942 _aNUST-CAE
_cM
_c9161
999 _c262521
_d262521